La Saône-et-Loire en images - Statistiques

Statistiques générales
  • Ce quiz a été pris 16 fois
  • Le résultat moyen est 10 sur 18
Statistiques - réponses
Par images Hint Réponse % Correct
Footballeur Antoine Griezmann
100%
Ville la plus peuplée Chalon-sur-Saône
86%
Chanteur Florent Pagny
79%
Plus vieux Journal Régional Le Journal de Saône-et-Loire
79%
Grand Site de France Roche de Solutré
79%
Race de Vache Charolaise
71%
Abbaye et ordre monastique Cluny
71%
Club de Football FC Gueugnon
57%
Massif de moyenne montagne Massif du Morvan
57%
Maison traditionelle Ferme Bressanne
50%
Art visuel Photographie
50%
Appellation d'Origine Contrôlée Poulet de Bresse
50%
Machine-outil Marteau-pilon du Creusot
43%
Résistante française Lucie Aubrac
36%
Multinationale du CAC40 Schneider Electric SE
29%
Président de la IIIe République Patrice de Mac Mahon
14%
Chien endémique Épagneul de Saint-Usuge
7%
paysage culturel de l'UNESCO Climats de Bourgogne
0%
Aucun quiz correspondant
Distribution des résultats
% des personnes avec chaque résultat
Percentile par nombre de réponses
Votre historique - résultats
Vous n’avez pas pris ce quiz